00650nai a2200157Ia 4500003000900000008004100009022002200050040001600072245007100088260008600159310001400245362002800259521006900287650004600356856009000402IN-BaIIA211028c9999 xx s 000 0 eng d a0096-1760 (Print) cIIA Library 0aIRE Transactions on Product Engineering and Productionh[eJournal] aNew York, USAbThe Institute of Electrical and Electronics Engineers, Inc. (IEEE) aQuarterly a5(1); 1961 - 6(4); 1962 bSubscribed through National Knowledge Resource Consortium (NKRC) aComponents, Circuits, Devices and Systems uhttps://ieeexplore.ieee.org/servlet/opac?punumber=8223yClick Here to Access eJournal